[Event "Oslo Open 2016"]
[Site "Fornebu NOR"]
[Date "2016.10.05"]
[Round "7.6"]
[White "Elsness, Frode"]
[Black "Mihajlov, Sebastian"]
[Result "1/2-1/2"]
[WhiteTitle "IM"]
[BlackTitle "FM"]
[WhiteElo "2444"]
[BlackElo "2356"]
[WhiteFideId "1501100"]
[BlackFideId "1512110"]
[EventDate "2016.09.30"]

1. d4 Nf6 2. c4 g6 3. Nc3 Bg7 4. e4 d6 5. Nf3 O-O 6. Be2 e5 7. O-O Nc6 8. dxe5
Nxe5 9. Nxe5 dxe5 10. Qc2 c6 11. Be3 Qe7 12. Na4 b6 13. Rab1 Ng4 14. Bd2 Qh4 15.
h3 Nf6 16. Nc3 Nh5 17. Bxh5 Qxh5 18. Be3 Be6 19. b3 f5 20. exf5 Bxf5 21. Ne4 Qh4
22. f3 Bxe4 23. Qxe4 Qxe4 24. fxe4 Rad8 25. Rfd1 Kf7 26. Kf2 Ke6+ 27. Ke2 Bf6
28. a4 Be7 29. Rxd8 Rxd8 30. b4 Rb8 31. Kd3 Rd8+ 32. Kc3 Rb8 33. b5 Rc8 34. Rd1
Rc7 35. Kb3 Rd7 36. Rxd7 Kxd7 37. c5 Kc7 38. Kc4 Kb7 39. cxb6 axb6 40. Bd2 Bd8
41. Bb4 Bc7 42. Be7 Bb8 43. Bd8 Ba7 44. Kb4 Bb8 45. a5 bxa5+ 46. Bxa5 Ba7 47.
Kc4 Bd4 48. Bd8 Kc8 49. Be7 cxb5+ 50. Kxb5 Kd7 51. Bf8 Ke6 52. Kc6 Be3 53. Bc5
Bf4 54. Bf2 h5 55. Bb6 Bg5 56. Bf2 1/2-1/2

[Event "Oslo Open 2016"]
[Site "Fornebu NOR"]
[Date "2016.10.05"]
[Round "7.7"]
[White "Djurhuus, Rune"]
[Black "Kovachev, Daniel Jakobsen"]
[Result "1-0"]
[WhiteTitle "GM"]
[BlackTitle "FM"]
[WhiteElo "2413"]
[BlackElo "2329"]
[WhiteFideId "1500082"]
[BlackFideId "1503448"]
[EventDate "2016.09.30"]

1. d4 Nf6 2. Bf4 e6 3. e3 d5 4. Nf3 Bd6 5. Bg3 O-O 6. Nbd2 b6 7. Bd3 Bb7 8. c3
c5 9. Ne5 Nc6 10. O-O Qc7 11. f4 Nd7 12. Bh4 f6 13. Qh5 f5 14. g4 Nf6 15. Bxf6
Rxf6 16. gxf5 exf5 17. Ndf3 Raf8 18. Ng5 Rh6 19. Qf3 Nxe5 20. fxe5 Qd8 21. Nxh7
Kxh7 22. exd6 Qxd6 23. Rf2 g6 24. Qf4 Qe7 25. Rg2 Re8 26. Rg3 Qh4 27. Qf2 Kh8
28. Rf1 Re7 29. Qg2 cxd4 30. cxd4 Qf6 31. Kh1 Reh7 32. Bxf5 Bc8 33. Bh3 Bxh3 34.
Rxf6 Bxg2+ 35. Rxg2 Re7 36. Rg3 Rc7 37. Rf2 Kg7 38. Kg2 Rh4 1-0

[Event "Oslo Open 2016"]
[Site "Fornebu NOR"]
[Date "2016.10.05"]
[Round "7.8"]
[White "Derakhshani, Dorsa"]
[Black "Dolzhykova, Kateryna"]
[Result "0-1"]
[WhiteTitle "WIM"]
[BlackTitle "WIM"]
[WhiteElo "2405"]
[BlackElo "2267"]
[WhiteFideId "12500330"]
[BlackFideId "14113414"]
[EventDate "2016.09.30"]

1. e4 c5 2. Nf3 d6 3. d4 cxd4 4. Nxd4 Nf6 5. Nc3 g6 6. Be3 Bg7 7. f3 O-O 8. Qd2
Nc6 9. Bc4 Bd7 10. O-O-O Rb8 11. Bb3 Na5 12. Bh6 b5 13. h4 Bxh6 14. Qxh6 e5 15.
Nde2 b4 16. Nd5 Nxb3+ 17. axb3 Nxd5 18. Rxd5 Rb6 19. h5 g5 20. f4 Bg4 21. Nd4
gxf4 22. Nf5 Bxf5 23. exf5 Kh8 24. Rhd1 f6 25. g3 Rg8 26. gxf4 e4 27. Re1 Ra6
28. Kb1 e3 29. Rd3 d5 30. c4 bxc3 31. Rdxe3 Qa5 32. bxc3 Qa2+ 33. Kc1 Qxb3 34.
Rf1 Ra1+ 0-1

[Event "Oslo Open 2016"]
[Site "Fornebu NOR"]
[Date "2016.10.05"]
[Round "7.9"]
[White "Haugli, Petter"]
[Black "Krupenski, Juri"]
[Result "0-1"]
[WhiteTitle "IM"]
[BlackTitle "FM"]
[WhiteElo "2257"]
[BlackElo "2423"]
[WhiteFideId "1500104"]
[BlackFideId "4501101"]
[EventDate "2016.09.30"]

1. d4 Nf6 2. c4 e6 3. Nc3 Bb4 4. e3 O-O 5. Bd3 d5 6. Nf3 c5 7. O-O Nc6 8. a3
Bxc3 9. bxc3 Qc7 10. Re1 Re8 11. h3 b6 12. Bb2 Na5 13. cxd5 exd5 14. Ne5 Bb7 15.
a4 Nc4 0-1

[Event "Oslo Open 2016"]
[Site "Fornebu NOR"]
[Date "2016.10.05"]
[Round "7.10"]
[White "Bracker, Frank"]
[Black "Rishovd, Svein"]
[Result "1/2-1/2"]
[WhiteTitle "IM"]
[WhiteElo "2427"]
[BlackElo "2101"]
[WhiteFideId "24614343"]
[BlackFideId "1513060"]
[EventDate "2016.09.30"]

1. e4 e6 2. d4 d5 3. Nd2 c5 4. exd5 Qxd5 5. Ngf3 cxd4 6. Bc4 Qd8 7. O-O Nc6 8.
Nb3 a6 9. Re1 Nf6 10. Nbxd4 Nxd4 11. Nxd4 Qc7 12. Bd3 Bd6 13. h3 O-O 14. c3 b6
15. Bg5 Nd7 1/2-1/2

[Event "Oslo Open 2016"]
[Site "Fornebu NOR"]
[Date "2016.10.05"]
[Round "7.11"]
[White "Devereaux, Maxim L"]
[Black "Lillevold, Frode"]
[Result "1-0"]
[WhiteTitle "IM"]
[WhiteElo "2374"]
[BlackElo "2103"]
[WhiteFideId "408280"]
[BlackFideId "1502913"]
[EventDate "2016.09.30"]

1. c4 e6 2. g3 d5 3. Bg2 Nf6 4. Nf3 Be7 5. d4 O-O 6. Nc3 c5 7. cxd5 Nxd5 8. O-O
Nxc3 9. bxc3 Nc6 10. Rb1 Re8 11. h4 Bf6 12. Be3 Na5 13. Bg5 1-0

[Event "Oslo Open 2016"]
[Site "Fornebu NOR"]
[Date "2016.10.05"]
[Round "7.12"]
[White "Gonzalez, Francisco Silva"]
[Black "Hobber, Anders"]
[Result "0-1"]
[BlackTitle "FM"]
[WhiteElo "2086"]
[BlackElo "2331"]
[WhiteFideId "1512285"]
[BlackFideId "1505424"]
[EventDate "2016.09.30"]

1. d4 d5 2. c4 c6 3. Nc3 Nf6 4. e3 a6 5. Qc2 e6 6. Nf3 c5 7. cxd5 exd5 8. Be2
Nc6 9. O-O Be6 10. Rd1 Nb4 11. Qd2 Ne4 12. Nxe4 dxe4 13. Ne5 cxd4 14. a3 d3 15.
axb4 dxe2 16. Qxe2 Qc7 17. f4 exf3 18. Nxf3 Bxb4 19. Qb5+ axb5 20. Rxa8+ Bc8 21.
Ra4 0-1

[Event "Oslo Open 2016"]
[Site "Fornebu NOR"]
[Date "2016.10.05"]
[Round "7.13"]
[White "Welling, Gerard"]
[Black "Byrne, Alex"]
[Result "1-0"]
[WhiteTitle "IM"]
[WhiteElo "2319"]
[BlackElo "1955"]
[WhiteFideId "1000446"]
[BlackFideId "2508788"]
[EventDate "2016.09.30"]

1. d4 Nf6 2. Nf3 g6 3. Nc3 d5 4. Bf4 Bg7 5. e3 Bf5 6. Be2 O-O 7. Ne5 c6 8. g4
Be6 9. h4 Nfd7 10. Nxd7 Nxd7 11. h5 c5 12. Qd2 Nf6 13. f3 Rc8 14. Be5 a6 15. Nd1
Rc6 16. Nf2 Re8 17. c3 Bc8 18. hxg6 fxg6 19. Nd3 c4 20. Nf4 e6 21. O-O-O Qe7 22.
Rh3 Nd7 23. Bxg7 Qxg7 24. Rdh1 Nf8 25. Bd1 b5 26. R3h2 Rc7 27. Nh3 Bb7 28. f4
Rce7 29. g5 Qh8 30. Nf2 Rg7 31. Ng4 Nd7 32. Bc2 Ree7 33. Rh6 Nf8 34. Ne5 Bc8 35.
Bxg6 Nxg6 36. Nxg6 Rxg6 37. Rxg6+ hxg6 38. Rxh8+ Kxh8 39. f5 exf5 40. Qh2+ Kg8
41. Qd6 Kf8 42. Qd8+ Re8 43. Qf6+ Kg8 44. Qxg6+ Kf8 45. Qf6+ Kg8 46. Qc6 Kf8 47.
Qxd5 Be6 48. Qe5 Re7 49. d5 Bd7 50. Qh8+ Kf7 51. d6 Rxe3 52. Qh7+ 1-0

[Event "Oslo Open 2016"]
[Site "Fornebu NOR"]
[Date "2016.10.05"]
[Round "7.14"]
[White "Holleland, Sigve"]
[Black "Risting, Eivind Olav"]
[Result "1/2-1/2"]
[BlackTitle "FM"]
[WhiteElo "2052"]
[BlackElo "2292"]
[WhiteFideId "1513672"]
[BlackFideId "1517333"]
[EventDate "2016.09.30"]

1. c4 e5 2. Nc3 Nc6 3. g3 Bc5 4. a3 a6 5. e3 d6 6. Nge2 Ba7 7. Bg2 h5 8. O-O h4
9. d4 hxg3 10. fxg3 Bg4 11. Qe1 Qg5 12. Qf2 Qh5 13. Bxc6+ bxc6 14. dxe5 dxe5 15.
Qg2 Ne7 16. Rf2 f5 17. b4 Qf7 18. c5 Qc4 19. e4 fxe4 20. Qxe4 Bxe2 21. Rxe2 Qxc3
22. Bb2 Bxc5+ 23. Kg2 Qb3 24. bxc5 O-O 25. Bxe5 Nd5 1/2-1/2

[Event "Oslo Open 2016"]
[Site "Fornebu NOR"]
[Date "2016.10.05"]
[Round "7.15"]
[White "Machlik, Edit"]
[Black "Ronneland, Daniel"]
[Result "1/2-1/2"]
[WhiteElo "2056"]
[BlackElo "2192"]
[WhiteFideId "1513591"]
[BlackFideId "1702130"]
[EventDate "2016.09.30"]

1. d4 Nf6 2. c4 g6 3. Nc3 Bg7 4. e4 d6 5. f4 O-O 6. Nf3 c5 7. d5 a6 8. Bd2 e6 9.
dxe6 fxe6 10. Bd3 Nc6 11. O-O Nd4 12. Qe1 b5 13. cxb5 Nxf3+ 14. Rxf3 axb5 15.
Bxb5 d5 16. e5 Nd7 17. a4 Nb8 18. b4 cxb4 19. Ne2 Ba6 20. Nd4 Qb6 21. Be3 Rd8
22. Qh4 Bxb5 23. a5 Rxa5 24. Rc1 Bc4 25. Nxe6 d4 26. Rxc4 Ra1+ 27. Rf1 Rxf1+ 28.
Kxf1 Re8 29. Nc7 b3 30. Bxd4 b2 31. Bxb6 b1=Q+ 32. Qe1 Qd3+ 33. Qe2 Qb1+ 34. Qe1
Qd3+ 35. Qe2 Qb1+ 36. Qe1 1/2-1/2

[Event "Oslo Open 2016"]
[Site "Fornebu NOR"]
[Date "2016.10.05"]
[Round "7.17"]
[White "Sousa, Ludy Helsio Paulo"]
[Black "Nilsen, Tobias Lang"]
[Result "1-0"]
[WhiteElo "2174"]
[BlackElo "1941"]
[WhiteFideId "1504134"]
[BlackFideId "1521624"]
[EventDate "2016.09.30"]

1. e4 c5 2. Nf3 d6 3. d4 cxd4 4. Nxd4 Nf6 5. Nc3 a6 6. Bg5 Nbd7 7. f4 Qc7 8. Qf3
h6 9. Bh4 g5 10. fxg5 hxg5 11. Bxg5 Qc5 12. Qe3 Ng4 13. Qd2 Rg8 14. h4 Bg7 15.
O-O-O Bxd4 16. Qxd4 Nf2 17. Nd5 Nxh1 18. Qxc5 dxc5 19. Nc7+ Kd8 20. Nxa8 Nf2 21.
Rd5 Nxe4 22. Bf4 e6 23. Bc7+ Ke7 24. Rd3 Rh8 25. Nb6 Nxb6 26. Bxb6 Bd7 27. Rh3
Kd6 28. Be2 e5 29. Rh2 f5 30. h5 Nf6 31. h6 Ng8 32. h7 Nf6 33. Rh6 Ke7 34. Bc4
Be6 35. Bxe6 Kxe6 36. Bd8 Rxd8 37. h8=Q Rxh8 38. Rxh8 Kd5 39. Rf8 Ke6 40. Rb8 e4
41. Rxb7 Nd5 42. Kd2 Ke5 43. g3 e3+ 44. Ke2 f4 45. gxf4+ Ke4 46. f5 Nf4+ 47. Kf1
Kxf5 48. Re7 Nd5 49. Re8 Kf4 50. Ke2 c4 51. c3 Nb6 52. Rxe3 Na4 53. Re6 Nxb2 54.
Rxa6 Ke4 55. Rd6 1-0

[Event "Oslo Open 2016"]
[Site "Fornebu NOR"]
[Date "2016.10.05"]
[Round "7.18"]
[White "Dahl, Trygve"]
[Black "Kvendseth, Cornelius"]
[Result "1-0"]
[WhiteElo "2167"]
[BlackElo "1879"]
[WhiteFideId "1513427"]
[BlackFideId "1517309"]
[EventDate "2016.09.30"]

1. e4 c5 2. Nf3 Nc6 3. d4 cxd4 4. Nxd4 Nf6 5. Nc3 e5 6. Ndb5 d6 7. Bg5 a6 8. Na3
b5 9. Nd5 Be7 10. Bxf6 Bxf6 11. c3 Bg5 12. Nc2 O-O 13. a4 Rb8 14. axb5 axb5 15.
Bd3 Kh8 16. Qe2 f5 17. Bxb5 Ne7 18. Nxe7 Qxe7 19. Nb4 Qb7 20. Bd3 Ra8 21. O-O g6
22. Rfd1 Be6 23. Rxa8 Qxa8 24. Bc2 Be7 25. f3 Rc8 26. Qe1 Qb7 27. Kh1 Kg7 28.
Qe2 Ra8 29. Bd3 Qc7 30. Bb5 Bf8 31. Bc6 Ra5 32. Bd5 Bc8 33. Qd3 Rc5 34. Ra1 Ra5
35. Rd1 Rc5 36. Bb3 Qb6 37. h3 Qa7 38. Qf1 Bb7 39. Bd5 Bc8 40. Qe2 Qb6 41. Ra1
Ra5 42. Rc1 Rc5 43. Qd1 Kh8 44. Qa4 Qd8 45. Ra1 Bd7 46. Qa7 Bh6 47. Qb7 Bc8 48.
Ra8 Bf4 49. Nc6 Bxb7 50. Rxd8+ Kg7 51. Rd7+ 1-0

[Event "Oslo Open 2016"]
[Site "Fornebu NOR"]
[Date "2016.10.05"]
[Round "7.19"]
[White "Gronn, Eskil Ekeland"]
[Black "Rebers, Eugene"]
[Result "1/2-1/2"]
[BlackTitle "FM"]
[WhiteElo "1958"]
[BlackElo "2156"]
[WhiteFideId "1507010"]
[BlackFideId "1007556"]
[EventDate "2016.09.30"]

1. d4 Nf6 2. Nc3 d5 3. Bg5 Nbd7 4. Qd3 c5 5. dxc5 e6 6. e4 Nxc5 7. Qd4 Ncxe4 8.
Nxe4 dxe4 9. Bb5+ Bd7 10. Bxd7+ Qxd7 11. Bxf6 gxf6 12. Qxe4 O-O-O 13. Nf3 Qb5
14. c3 Bg7 15. Qe2 Qxe2+ 16. Kxe2 f5 17. Rad1 Bf6 18. Rxd8+ Kxd8 19. Rd1+ Kc7
20. Nd4 a6 21. f4 h5 22. Nb3 Rg8 23. Kf3 b6 24. Nd2 Rd8 25. Ke2 Rg8 26. Kf3 Rd8
27. Ke2 Rg8 28. Kf3 1/2-1/2

[Event "Oslo Open 2016"]
[Site "Fornebu NOR"]
[Date "2016.10.05"]
[Round "7.20"]
[White "Hoti, Nimon"]
[Black "Hansen, Torbjorn Ringdal"]
[Result "0-1"]
[BlackTitle "GM"]
[WhiteElo "1959"]
[BlackElo "2457"]
[WhiteFideId "1510746"]
[BlackFideId "1501720"]
[EventDate "2016.09.30"]

1. Nf3 Nf6 2. b3 g6 3. Bb2 Bg7 4. g3 d6 5. Bg2 e5 6. d3 O-O 7. O-O h6 8. Nbd2
Be6 9. Rb1 Nc6 10. e4 Qd7 11. a3 Bg4 12. Nc4 Nh7 13. Ne3 Bh3 14. Kh1 Bxg2+ 15.
Kxg2 f5 16. exf5 gxf5 17. Nd5 Nd8 18. Ng1 c6 19. Nc3 d5 20. d4 e4 21. Nce2 Ne6
22. f4 Nf6 23. Bc1 Rf7 24. Nh3 Bf8 25. a4 Rg7 26. Nf2 Kh7 27. Be3 Qf7 28. b4 Bd6
29. Kh1 Rag8 30. Rg1 h5 31. b5 h4 32. bxc6 bxc6 33. Qf1 Qh5 34. Nh3 Qf3+ 35.
Qxf3 exf3 36. Nc3 hxg3 37. Rxg3 Rxg3 38. hxg3 Rxg3 39. Ng5+ Nxg5 40. fxg5 Ng4 0-1

[Event "Oslo Open 2016"]
[Site "Fornebu NOR"]
[Date "2016.10.05"]
[Round "7.21"]
[White "Berntsen-Oybo, August"]
[Black "Arvola, Benjamin"]
[Result "0-1"]
[BlackTitle "FM"]
[WhiteElo "1936"]
[BlackElo "2346"]
[WhiteFideId "1520555"]
[BlackFideId "1506536"]
[EventDate "2016.09.30"]

1. Nf3 Nf6 2. g3 b5 3. Bg2 Bb7 4. O-O e6 5. d3 Be7 6. e4 d5 7. e5 Nfd7 8. Re1 c5
9. c3 Nc6 10. d4 a5 11. Be3 O-O 12. Nbd2 Qb6 13. h4 cxd4 14. Bxd4 Nxd4 15. Nxd4
b4 16. Bf1 Rfc8 17. Rc1 h6 18. N2f3 Nc5 19. Re3 Ba6 20. c4 Rd8 21. cxd5 Rxd5 22.
Bxa6 Nxa6 23. Rd3 Rad8 24. Rc6 Qb7 25. Rc4 Bc5 26. Rd2 Qb6 27. Kg2 Nb8 28. Qc2
Bxd4 29. Rdxd4 Rxd4 30. Nxd4 Rxd4 31. Rxd4 Qxd4 32. Qc8+ Kh7 33. Qxb8 Qxb2 34.
Qc7 Qxa2 35. Qxf7 Qd5+ 36. Kg1 Qxe5 37. h5 Qf5 38. Qe8 b3 39. Qb8 Qb1+ 40. Kh2
Qc2 0-1

[Event "Oslo Open 2016"]
[Site "Fornebu NOR"]
[Date "2016.10.05"]
[Round "7.22"]
[White "Terbe, Zsuzsanna"]
[Black "Robertsen, Bjorn"]
[Result "1/2-1/2"]
[WhiteTitle "WFM"]
[WhiteElo "2160"]
[BlackElo "1943"]
[WhiteFideId "708801"]
[BlackFideId "1521632"]
[EventDate "2016.09.30"]

1. Nf3 Nf6 2. g3 d5 3. Bg2 c6 4. O-O Bg4 5. c4 e6 6. cxd5 Bxf3 7. Bxf3 cxd5 8.
d3 Nc6 9. Nc3 Bd6 10. e4 dxe4 11. dxe4 O-O 12. Bg5 Be7 13. Be3 Qxd1 14. Rfxd1
Ne5 15. Be2 Bb4 16. Bd4 Bxc3 17. Bxc3 Ned7 18. Bb5 Rfd8 19. f3 a6 20. Bxd7 Rxd7
21. Bxf6 Rxd1+ 22. Rxd1 gxf6 23. Rd7 b5 24. Rd6 Rc8 25. Rd2 Kf8 26. Kf2 Ke7 27.
Ke3 Rc5 28. a3 f5 29. Kd4 Rc4+ 30. Ke3 fxe4 31. fxe4 Rc5 32. Rf2 Kf8 33. Kd3 Ke7
34. Rf4 Rh5 35. h4 Rc5 36. g4 Rc1 37. g5 Rc5 38. Rf2 Rc6 39. b3 a5 40. Kd4 Rc1
41. Rf3 Rc2 42. e5 Rc1 43. Re3 Rc2 44. Re1 a4 45. Re3 axb3 46. Rxb3 Rc4+ 47. Ke3
Rc5 48. Kf4 Kf8 49. h5 Rc4+ 50. Kg3 Rc5 51. Re3 Kg7 1/2-1/2

[Event "Oslo Open 2016"]
[Site "Fornebu NOR"]
[Date "2016.10.05"]
[Round "7.23"]
[White "Tolhuizen, Ludo"]
[Black "Lindbol, Aleksander"]
[Result "1/2-1/2"]
[WhiteElo "2148"]
[BlackElo "1855"]
[WhiteFideId "1000802"]
[BlackFideId "1520644"]
[EventDate "2016.09.30"]

1. Nf3 c5 2. e3 d5 3. d4 Nf6 4. Bd3 Nc6 5. c3 Bg4 6. Nbd2 e6 7. O-O Be7 8. dxc5
Bxc5 9. b4 Bd6 10. Bb2 O-O 11. a3 Rc8 12. h3 Bh5 13. Rc1 Nd7 14. Be2 Bb8 15. c4
Nde5 16. Nxe5 Bxe2 17. Qxe2 Nxe5 18. Bxe5 1/2-1/2

[Event "Oslo Open 2016"]
[Site "Fornebu NOR"]
[Date "2016.10.05"]
[Round "7.24"]
[White "Greibrokk, Ingrid"]
[Black "Vestby-Ellingsen, Mads"]
[Result "1/2-1/2"]
[WhiteElo "1887"]
[BlackElo "2084"]
[WhiteFideId "1518321"]
[BlackFideId "1520857"]
[EventDate "2016.09.30"]

1. e4 e5 2. Nf3 Nc6 3. Bb5 a6 4. Ba4 Nf6 5. O-O Nxe4 6. Re1 Nc5 7. Bxc6 dxc6 8.
Nxe5 Be7 9. d4 Ne6 10. c3 O-O 11. b3 Bf6 12. Bb2 Re8 13. c4 Nf8 14. Nc3 Ng6 15.
Nxg6 Rxe1+ 16. Qxe1 hxg6 17. Rd1 Qe7 18. Qxe7 Bxe7 19. Re1 Kf8 20. d5 Bd7 21. g3
Rc8 22. Rd1 f6 23. a3 g5 24. b4 c5 25. bxc5 Bxc5 26. Ne4 Be7 27. Bc1 Bf5 28. f3
Bxe4 29. fxe4 Bc5+ 30. Kg2 Re8 31. Re1 Bd6 32. Bb2 b5 33. cxb5 axb5 34. Kf3 Kf7
35. Re3 Rh8 36. Kg2 Ra8 37. Rb3 Ra4 38. Kf3 b4 39. axb4 Bxb4 40. e5 fxe5 41.
Bxe5 Bd6 42. Bxd6 cxd6 43. Rb6 Ke7 44. Ke3 g4 45. Kd3 g6 46. Ke3 g5 47. Kd3 Ra2
48. Ke4 Rf2 49. Ra6 Kd7 50. Ra7+ Ke8 51. Rg7 Rxh2 52. Kf5 Re2 53. Kxg4 Re4+ 54.
Kh5 Rd4 55. Rxg5 Kf7 56. Rf5+ Kg7 57. g4 Rd1 58. g5 Rh1+ 59. Kg4 Rg1+ 60. Kf4
Rf1+ 61. Ke4 Re1+ 62. Kd4 Rc1 63. Rf6 Rd1+ 64. Kc4 Rc1+ 65. Kb4 Rb1+ 66. Ka5 Rg1
67. Rxd6 Rxg5 68. Kb6 Kf8 69. Kc7 Rg7+ 70. Rd7 Rg1 71. Kd8 Rc1 72. d6 Rc6 73.
Rh7 1/2-1/2

[Event "Oslo Open 2016"]
[Site "Fornebu NOR"]
[Date "2016.10.05"]
[Round "7.25"]
[White "Gulbrandsen, Tor"]
[Black "Sjoberg, Isak"]
[Result "1/2-1/2"]
[WhiteElo "2075"]
[BlackElo "1835"]
[WhiteFideId "1504142"]
[BlackFideId "1521640"]
[EventDate "2016.09.30"]

1. e4 e5 2. Nf3 Nc6 3. d4 exd4 4. Nxd4 Bc5 5. Nb3 Bb6 6. Nc3 Nf6 7. Qe2 d6 8.
Nd5 Nxd5 9. exd5+ Ne5 10. Be3 O-O 11. O-O-O Re8 12. Qd2 Bxe3 13. fxe3 Ng4 14.
Re1 Bf5 1/2-1/2

[Event "Oslo Open 2016"]
[Site "Fornebu NOR"]
[Date "2016.10.05"]
[Round "7.26"]
[White "Sajjadi, Kimiya"]
[Black "Stray, Gunnar"]
[Result "1/2-1/2"]
[WhiteElo "1877"]
[BlackElo "2066"]
[WhiteFideId "1516434"]
[BlackFideId "1501631"]
[EventDate "2016.09.30"]

1. d4 f5 2. g3 Nf6 3. Bg2 e6 4. Nf3 d5 5. O-O Bd6 6. c4 c6 7. Nc3 O-O 8. Qc2 Ne4
9. Rb1 a5 10. a3 Nxc3 11. bxc3 Nd7 12. a4 Qe8 13. Qb3 Nf6 14. Ba3 dxc4 15. Qa2
Bxa3 16. Qxa3 Ne4 17. Rfc1 b5 18. Rc2 Ba6 19. Ne5 bxa4 20. Qxa4 Bb5 21. Qa2 Nd6
22. e3 Ra7 23. Bf1 Kh8 24. Nxc4 Bxc4 25. Bxc4 e5 26. Rcb2 Ra8 27. Bf1 Ne4 28.
Qc4 h5 29. Bg2 h4 30. Bxe4 fxe4 31. d5 cxd5 32. Qxd5 Qg6 33. Qxe5 Qg4 34. Rb5
hxg3 35. Qh5+ Qxh5 36. Rxh5+ Kg8 37. hxg3 Rfc8 38. Rb7 a4 39. Rg5 a3 40. Rgxg7+
Kh8 41. Rh7+ Kg8 42. Rhg7+ 1/2-1/2

[Event "Oslo Open 2016"]
[Site "Fornebu NOR"]
[Date "2016.10.05"]
[Round "8.1"]
[White "Blomqvist, Erik"]
[Black "Kovalenko, Igor"]
[Result "0-1"]
[WhiteTitle "GM"]
[BlackTitle "GM"]
[WhiteElo "2545"]
[BlackElo "2651"]
[WhiteFideId "1709437"]
[BlackFideId "14117908"]
[EventDate "2016.09.30"]

1. e4 e5 2. Nf3 Nc6 3. d4 exd4 4. Nxd4 Qf6 5. Nf3 Bb4+ 6. Nbd2 d6 7. Be2 Bc5 8.
O-O Qe7 9. Bb5 Nf6 10. e5 dxe5 11. Nxe5 O-O 12. Nxc6 bxc6 13. Bd3 Re8 14. h3 h6
15. Qf3 Rb8 16. Nc4 Be6 17. Re1 Qd8 18. Be3 Bxc4 19. Bxc4 Bxe3 20. Rxe3 Qd4 21.
Rxe8+ Rxe8 22. Qxc6 Qxb2 23. Rd1 Qb6 24. Qf3 Qb4 25. Bb3 Re1+ 26. Rxe1 Qxe1+ 27.
Kh2 Qe4 28. Qg3 Qe7 29. Qf3 c5 30. g3 Qe4 31. Qc3 Qe7 32. Bc4 h5 33. Qb3 g6 34.
a4 Kg7 35. a5 h4 36. gxh4 Qe5+ 37. Qg3 Qd4 38. Bf1 Qa1 39. Be2 Qxa5 40. Qe5 Qd2
41. h5 gxh5 42. Qxc5 a5 43. Bd3 Qf4+ 44. Kg2 a4 45. c3 Qd2 46. Bc4 Qf4 47. Bd3
Nd7 48. Qxh5 Ne5 49. Qh7+ Kf6 50. Bb5 Ng6 51. Qh5 a3 52. Bd3 a2 53. Qd1 Nh4+ 54.
Kf1 Qf3 0-1

[Event "Oslo Open 2016"]
[Site "Fornebu NOR"]
[Date "2016.10.05"]
[Round "8.2"]
[White "Hauge, Lars Oskar"]
[Black "Zubov, Alexander"]
[Result "1/2-1/2"]
[WhiteTitle "IM"]
[BlackTitle "GM"]
[WhiteElo "2385"]
[BlackElo "2606"]
[WhiteFideId "1509276"]
[BlackFideId "14109409"]
[EventDate "2016.09.30"]

1. d4 Nf6 2. Bg5 e6 3. e4 h6 4. Bxf6 Qxf6 5. c3 e5 6. dxe5 Qxe5 7. Nd2 Bc5 8.
Ngf3 Qe7 9. Bd3 O-O 10. O-O d6 11. Re1 Nc6 12. Nc4 a5 13. Ne3 Ne5 14. Nd4 c6 15.
Bc2 Qf6 16. Rf1 Be6 17. b3 Ng6 18. Kh1 Bd7 19. Qd2 b5 20. Rad1 b4 21. c4 Rfe8
22. f4 Rad8 23. Ndf5 Bxf5 24. Nxf5 Qb2 25. Bb1 Qxd2 26. Rxd2 Kf8 27. g3 Ne7 28.
Nxe7 Kxe7 29. Kg2 Rg8 1/2-1/2

[Event "Oslo Open 2016"]
[Site "Fornebu NOR"]
[Date "2016.10.05"]
[Round "8.3"]
[White "Tari, Aryan"]
[Black "Kaasen, Tor Fredrik"]
[Result "1-0"]
[WhiteTitle "GM"]
[WhiteElo "2570"]
[BlackElo "1927"]
[WhiteFideId "1510045"]
[BlackFideId "1516647"]
[EventDate "2016.09.30"]

1. e4 e6 2. d4 d5 3. Nc3 Nf6 4. e5 Nfd7 5. f4 c5 6. Nf3 Nc6 7. Be3 a6 8. Ne2 Qb6
9. Qc1 f6 10. c3 cxd4 11. cxd4 Bb4+ 12. Kf2 O-O 13. g3 fxe5 14. fxe5 g5 15. Bh3
Ndxe5 16. dxe5 d4 17. Nxd4 Nxd4 18. Kg2 Rxf3 19. Bxd4 Qxd4 20. Qxg5+ Kh8 21.
Kxf3 Qd5+ 22. Kg4 Qe4+ 23. Kh5 Qf3+ 24. Kh4 Qe4+ 25. Bg4 Bd7 26. Qf6+ Kg8 27.
Rhf1 Re8 28. Rf4 Qg2 29. Bh3 Qe2 30. Rxb4 1-0

[Event "Oslo Open 2016"]
[Site "Fornebu NOR"]
[Date "2016.10.05"]
[Round "8.4"]
[White "Chatalbashev, Boris"]
[Black "Djurhuus, Rune"]
[Result "1/2-1/2"]
[WhiteTitle "GM"]
[BlackTitle "GM"]
[WhiteElo "2542"]
[BlackElo "2413"]
[WhiteFideId "2900440"]
[BlackFideId "1500082"]
[EventDate "2016.09.30"]

1. d4 e6 2. c4 d5 3. Nc3 c6 4. e4 dxe4 5. Nxe4 Bb4+ 6. Bd2 Bxd2+ 7. Qxd2 Nf6 8.
Nxf6+ Qxf6 9. Nf3 Nd7 10. O-O-O O-O 11. Bd3 Rd8 12. Rhe1 b6 13. Qc2 h6 14. Qe2
Bb7 15. Qe4 Nf8 16. Ne5 Rab8 17. Bc2 c5 18. d5 Rd6 19. f4 exd5 20. cxd5 Rbd8 21.
Ng4 Qh4 22. Ne3 Bxd5 23. Qe5 Be6 24. f5 Rxd1+ 25. Nxd1 Bxa2 26. Re4 Qg5+ 27. Ne3
Rd4 28. Rxd4 cxd4 29. Qxd4 Qe7 30. b3 Qa3+ 31. Qb2 Qa6 32. f6 g6 33. Nd5 Ne6 34.
Nc3 Qf1+ 35. Bd1 Bxb3 36. Qxb3 Qxf6 37. g3 Nc5 38. Qc4 Qf2 39. Bc2 Kg7 40. Nd5
Qg1+ 41. Kb2 Qxh2 42. Qd4+ Kg8 43. Nf6+ Kf8 44. Qd8+ Kg7 45. Ne8+ Kf8 46. Nf6+
Kg7 47. Qd4 Kf8 48. Qd6+ Kg7 49. Ne8+ Kg8 50. Qf6 Ne6 51. Nd6 Ng5 52. Qd8+ Kh7
53. Qf6 Kg8 54. Qd8+ Kh7 55. Qf6 Kg8 56. Qd8+ 1/2-1/2

[Event "Oslo Open 2016"]
[Site "Fornebu NOR"]
[Date "2016.10.05"]
[Round "8.5"]
[White "Dolzhykova, Kateryna"]
[Black "Arnaudov, G. Petar"]
[Result "1-0"]
[WhiteTitle "WIM"]
[BlackTitle "GM"]
[WhiteElo "2267"]
[BlackElo "2474"]
[WhiteFideId "14113414"]
[BlackFideId "2907127"]
[EventDate "2016.09.30"]

1. e4 e5 2. Nf3 Nc6 3. Bb5 a6 4. Bxc6 dxc6 5. O-O Bd6 6. d4 exd4 7. Qxd4 f6 8.
Re1 Be6 9. Nbd2 Ne7 10. e5 fxe5 11. Nxe5 O-O 12. Ndf3 Bd5 13. Bg5 Bxf3 14. Bxe7
Bxe7 15. Nxf3 Qxd4 16. Nxd4 Bf6 17. Ne6 Bxb2 18. Rab1 Bc3 19. Re3 Rfe8 20. Rxb7
Bd2 21. Re2 Rad8 22. Kf1 Rd6 23. Nxc7 Red8 24. Ne6 Bc3 25. Re3 Rd1+ 26. Ke2
R8d2+ 27. Kf3 Bf6 28. Nc5 h6 29. Re8+ Kh7 30. Ne4 Kg6 31. Nxd2 Rxd2 32. Re2 Rd4
33. Rb6 Rc4 34. Rxa6 h5 35. g3 h4 36. Kg2 c5 37. a4 Kf5 38. a5 g5 39. Ra8 Ra4
40. a6 1-0